| 000 | 01200cam a22003737a 4500 | ||
|---|---|---|---|
| 003 | CHAP | ||
| 005 | 20221025120750.0 | ||
| 008 | 971013s r 00010 d | ||
| 010 | _a1618 | ||
| 011 | _a2590 | ||
| 035 | _a1785 | ||
| 040 | _cCHAP | ||
| 090 | _aTesis | ||
| 100 | 0 | 0 |
_aCarmona Valdovinos, Tomás Fernando. _919047 |
| 245 | 1 | 3 |
_aEl parénquima radial en la madera de dicotiledóneas y su clasificación / _cpor Tomás Fernando Carmona Valdovinos |
| 260 |
_aChapingo, Méx. : _b El Autor, _c1990 |
||
| 300 |
_a230 h. _b: ilus. |
||
| 500 | _a42-142 | ||
| 502 | _aTesis (M.C. Esp. en Botánica) -- C.P. Centro de Botánica | ||
| 590 |
_aALEPH _b10 _c20130110 |
||
| 590 |
_aBATCH-UPD _b10 _c20130110 |
||
| 590 |
_aBATCH-UPD _b10 _c20130110 |
||
| 590 |
_aBATCH-UPD _b10 _c20130410 |
||
| 590 |
_aBATCH-UPD _b10 _c20130914 |
||
| 590 |
_aCONVERSION _b10 _c20130109 |
||
| 650 | 1 | 4 |
_aAnatomía vegetal. _95495 |
| 650 | 1 | 4 |
_aDicotiledóneas. _932483 |
| 650 | 1 | 4 |
_aMadera _xEstructura. _969607 |
| 650 | 1 | 4 |
_aMadera _xNormas de calidad. _969614 |
| 901 | _aBK | ||
| 942 |
_cFOLL _2ddc |
||
| 949 |
_bBC _cTES _d-11278 _eTS1 _h23535 _i1785 _si |
||
| 949 |
_bBC _cTES _d-69853 _eTS2 _fc.2 _h23536 _i1785 _si |
||
| 999 |
_c1618 _d1618 |
||